000 01071nam a2200277Ia 4500
003 OSt
005 20221005111551.0
006 a|||||r|||| 00| 0
007 ta
008 221004b |||||||| |||| 00| 0 mal d
020 _c75
024 _a92919
037 _b523, 19/03/2009, Vani Prakashan
_cTextual
040 _aCRL
_cCRL
_bmal
041 _2mal
_amal
082 _aO32,2N06,SK, 152M3
100 _aनायर, एडस्सेरी गोविन्दन
245 0 _aसहकारी खेती
246 _aSahakārī khetī
260 _aनई दिल्ली
_bसाहित्य अकादेमी भारत
_c1983
300 _a72पृ0
_ccm.
650 _aमलयालम साहित्य
700 _a वर्मा, के. रवि, अनु.
_9624206
942 _hO32,2N06,SK, 152M3
_cTEXL
_2cc
999 _c1022191
_d1022191